1172 1453 1722 1889 1918 1925 1022 1123 1752 1843 1491 1474 1850 1921 1198 1510 1057 1546 1008 1800 1607 1408 1827 1442 1719 1154 1446 1809 1458 1944 1816 1028 1417 1652 1008 1352 1176 1244 1292 1582 1973 1221 1366 1714 1760 1482 1110 1448 1084 1954 1553 1709 1066 1732 1640 1370 1051 1030 1622 1242 1401 1957 1234 1039 1506 1411 1299 1787 1072 1725 1834 1325 1686 1303 1099 1690 1270 1012 1051 1823 1045 1616 1353 1711 1922 1138 1529 1641 1819 1523 1490 1418 1860 1264 1483 1468 1321 1873 1487 BCNSPRNW ULIB Ver.6.0+V

เปลี่ยนเป็นภาษาไทย

Change to English
 แสดงรายละเอียดบรรณานุกรม
  กลับหน้าหลัก

Brief Record : Get Marc (ISO 2709) : E-mail record : QR code < ปิดหน้าต่าง
LEADER : 00000nam 2200000uu 4500
001    13399113738
003     ULIB
008    111220s2548||||th 000 0 tha d
020    ^a9742964114
060 04 ^aWA252^bส691ร 2548
245 00 ^aรายงานสมัชชาสุขภาพแห่งชาติ พ.ศ.2548/^cสำนักงานปฏิรูประบบสุขภาพแห่งชาติ ; บรรณาธิการ: สรุณีพิพัฒน์โรจนกมล, กรกนก ตันตระกูล, วรรณวิมล ขวัญยาใจ
250    ^aพิมพ์ครั้งที่ 1
260    ^aกรุงเทพฯ :^bวิคตอเรีย อิมเมจ,^c2548
300    ^a 368 หน้า :^bภาพประกอบ ;^c30 ซม.
310    ^aรายปี
536    ^aสนับสนุนโดย สำนักงานกองทุนสนับสนุนการสร้างเสริมสุขภาพ(สสส.), สำนักงานวิจัยระบบสาธารณสุข (สวรส.), กระทรวงสาธารณสุข
650  7 ^aการปฏิรูประบบสาธารณสุข^vรายปี^zไทย
650  7 ^aการส่งเสริมสุขภาพ^vรายปี^zไทย
650  7 ^aนโยบายด้านสุขภาพ^vรายปี^zไทย
700 0  ^aสรุณี พิพัฒน์โรจนกมล,^eบรรณาธิการ
700 0  ^aกรกนก ตันตระกูล,^eบรรณาธิการ
700 0  ^aวรรณวิมล ขวัญยาใจ,^eบรรณาธิการ
710 2  ^aสำนักงานปฏิรูประบบสุขภาพแห่งชาติ
710 2  ^aสำนักงานกองทุนสนับสนุนการสร้างเสริมสุขภาพ
710 2  ^aสำนักงานวิจัยระบบสาธารณสุข
710 2  ^aกระทรวงสาธารณสุข
945    ^p0^l0^i24361
995    ^aกัณชพร
999 ^a ใช้งานได้ทุกระบบ
รายการนี้ยังไม่มีแท็ก
คุณยังไม่ได้ล็อกอิน คุณสามารถมีกิจกรรมร่วมกับเว็บไซต์ได้ แต่ต้องล็อกอินก่อน ::
  ล็อกอิน

รายการสื่อสารสนเทศ

ลำดับที่ ประเภท เลขเรียก/บาร์โค้ด สถานที่ สถานะ
- ไม่พบข้อมูล -

BibComment


ยังไม่เคยถูกคอมเมนท์

คอมเมนท์ทรัพยากรรายการนี้
  คอมเมนท์: รายงานสมัชชาสุขภ..


 Copyright 2026. Bcnsprnw @Library